[Event "Rio de Janeiro"]
[Site "Rio de Janeiro BRA"]
[Date "1985.??.??"]
[Round "11"]
[White "Andersson, Ulf"]
[Black "Limp, Eduardo Thelio"]
[Result "1-0"]
[WhiteElo "2590"]
[BlackElo "2275"]
[EventDate "1985.12.04"]
[PlyCount "73"]
[EventType "tourn"]
[EventRounds "13"]
[EventCountry "BRA"]
[EventCategory "7"]
[Source "ChessBase"]
[SourceDate "1998.11.10"]
[WhiteTeamCountry "GER"]
[BlackTeamCountry "GER"]

1. Nf3 Nf6 2. c4 c5 3. Nc3 Nc6 4. g3 g6 5. Bg2 Bg7 6. O-O O-O 7. d4 d6 8. 
dxc5 dxc5 9. Bf4 {Tato varianta zahajeni neni bez jedu. Bily hrozi  vzit 
cil na damskem kridle Ne5} 9. ... Nd4 10. Be5 Nxf3+? {Tato vymena dovoluje
bilemu zvetsit tlak na damskem kridle a na pole d5. Lepsi bylo Nc6} ( 
10. ... Nc6 11. Qxd8 Rxd8 12. Bc7 Rf8 13. Bf4 Bf5 ) 11. Bxf3 Nd7 ( 11. ...
 Qb6 12. Qb3 Qxb3 13. axb3 +/- ) 12. Bxg7 Kxg7 13. Bg2?! {mala profylaxe 
proti Ne5} ( 13. Qc1 Qc7 14. Nd5 Qd6 15. Rd1 Ne5 +/- ) 13. ... Nb6 {cerny 
se nezbavil problemu damskeho kridla vymenou cernopolnych strelcu. Cerny 
jezdec je spatne umisten po 14.b3 a pesci b7 a c5 mohou vzdy prijit pod 
utok } 14. b3 +/- Qxd1 15. Rfxd1 {Bily obsadil d sloupec a soucasne jeho 
figury jsou harmonicteji umistene pro koncovku. Obrana takove pozice proti
Anderssonovi je nevdecny ukol. } 15. ... Rb8 16. Rd2 Na8 ( 16. ... Nd7 17.
 Nd5 Re8 18. Rad1 Nf6 19. Nc7 Rf8 20. e4 e5 21. f3 b6 22. Kf2 Rb7 23. Nd5 
Be6 24. Nc3 ) 17. Rad1 Nc7 18. f4 {Toto pripravuje centralizaci krale. } 
18. ... Be6 19. Ne4 ( 19. Bf3 b5 20. cxb5 Nxb5 ) 19. ... b6 20. Ng5 a5 ( 
20. ... h6? 21. Ne4 += ( 21. Nxe6+ Nxe6 22. Rd7 Rbd8 23. Kf2 Kf6 ) ) 21. 
Kf2 Bc8 D 22. Bc6! {Instruktivni profylakticky tah. Bily zbavuje cerneho 
mozne protihry tahy ...a4 nebo b5. Soucasne strelec je preveden na silne 
pole, nez jezdec na g5 bude napaden a muset ustoupit. } 22. ... f6 ( 
22. ... b5? 23. cxb5 Nxb5 24. Rc1 Nd6 25. Rxc5 +/- ) 23. Ne4 Ne6 24. e3 
Kf7 25. g4 {Bily svazuje soupere na kralovskem kridle. Cerny je odsouzeny 
k bezmocnosti a pokousi se uvolnit pozici vymenami. } 25. ... Bb7 {Cerny 
nema rozumne tahy ale vymena strelce na b7 ma nevyhodu ze bily muze 
proniknout na d7 vezi. Lepsi pokus je 25...Ng7 26.h3} ( 25. ... Ng7 26. h3
) 26. Bxb7 Rxb7 27. Rd7 Rxd7 ( 27. ... Rbb8 28. Nd6+ Kg8 29. Rxe7 +- ) ( 
27. ... Rfb8 28. Nd6+ +-- ) 28. Rxd7 Rb8 29. Nc3! Nf8 {Zde ma bily jasnou 
pozicni vyhodu a iniciativu s Nd5.} 30. Ra7 Ke8 ( 30. ... Rd8 31. Nd5 Rd7 
32. Ra6 e6 33. Nxb6 Rd2+ 34. Kg3 Rxa2 35. Na4 Nd7 36. Rxa5 +/- ) 31. Nd5 
Nd7 32. Nc7+ Kd8 ( 32. ... Kf7! ) 33. Ke2 Kc8 {Bily ma vynucenou vyhru. 
Pocitejte varianty co nejdale muzete. } 34. Na6! ( { [Houdini 1.5a x64] 
29:+1.80} 34. Na6 Rb7 35. Ra8+ Rb8 36. Nxb8 Nxb8 37. Kf3 Kb7 38. Rxb8+ 
Kxb8 39. Ke4 Kc7 40. Kd5 Kd7 41. f5 g5 42. e4 Kc7 43. e5 fxe5 44. Kxe5 Kd7
45. f6 Ke8 46. fxe7 Kxe7 47. Kf5 Kf7 48. Kxg5 Kg7 49. h4 h6+ 50. Kh5 Kh7 
51. g5 hxg5 52. Kxg5 Kg7 53. h5 ) 34. ... Rb7 35. Ra8+ Rb8 {Po 35...Nb8 je
cerny v uplnem zugzwangu. Bily muze prejit do vyhrane pescove koncovky. . 
} 36. Nxb8 ( 36. f5 gxf5 ( 36. ... g5 37. Kf3 ) 37. gxf5 +/- {Vse co cerny
muze udelat je tahnout pescem h, coz znamena ze je v podstate v zugzwangu.
} ) 36. ... Nxb8 37. Kf3! {1 - 0} ( ) 37. ... Kb7 ( 37. ... f5 38. gxf5 
gxf5 39. Kg3 +- ) 38. Rxb8+ Kxb8 39. Ke4 Kc7 40. Kd5 Kd7 41. f5 1-0

[Event "Capablanca Memorial Elite 36th"]
[Site "Havana CUB"]
[Date "2001.05.08"]
[Round "4"]
[White "Andersson, Ulf"]
[Black "Stefansson, Hannes"]
[Result "1-0"]
[WhiteElo "2640"]
[BlackElo "2570"]
[EventDate "2001.05.05"]
[Annotator "Ftacnik"]

1. Nf3 Nf6 2. c4 b6 3. g3 Bb7 4. Bg2 e6 5. O-O Be7 6. Nc3 O-O 7. d4 Ne4 8.
 Qc2 {str. 54 - Toto je jedna z oblibenych Anderssonovych variant. Jina 
dobra cesta vyvinu je  8.Bd2 . } 8. ... Nxc3 9. Qxc3 c5 10. b3 Bf6 11. Bb2
d6 12. Rad1 Qe7 D 13. Rd2!? {It is hard to believe, that this way to 
double on the d file is new.} ( 13. Qd2 ) 13. ... Nd7 ( 13. ... Bxf3? 14. 
Bxf3! Bxd4 15. Qd3 Bxb2 16. Bxa8 +/- ) ( 13. ... Nc6!? 14. Qe3 Nxd4 15. 
Nxd4 cxd4 16. Bxd4 Bxd4 17. Rxd4 =, quiet Bxg2 18. Kxg2 Rfd8 19. Rfd1 Rd7 
20. Qd2 Rad8 21. e4 += ) 14. Qc2 Rac8 15. Qb1 Rfd8 16. Rfd1 a6 ( 16. ... 
Bxf3 17. Bxf3 Bxd4 18. Bxd4 cxd4 19. Rxd4 Ne5 20. Bg2 a6 21. Qb2 += { 22. 
Qa3 }) ( 16. ... cxd4 17. Nxd4 Bxg2 18. Kxg2 Nc5 19. Nb5 += ) 17. dxc5 
dxc5 ( 17. ... Nxc5 18. Bxf6 gxf6 19. Rd4 += f5! 20. Qc1 d5 21. Ne5 {Cerny
ma jeste obranne moznosti, pres olabenou pozici krale. Musi hledat 
protihru na damskem kridle, proti poli c4 } ) ( 17. ... Bxb2? 18. cxd6 +- 
) 18. Bxf6 Nxf6 ( 18. ... gxf6 19. Ng5! fxg5 20. Bxb7 Rb8 21. Bxa6 +/- ) 
19. Ne5! {Andersson vymenuje belopolne strelce aby dostal pod kontrolu 
bileho jak d-sloupec a pole c6. Tento vymenny manevr je charakteristicky 
pro pozicni chapani Sveda. } 19. ... Bxg2 20. Kxg2 Rxd2?! {Black is 
missing on the chance to fight for control of the d file.} ( 20. ... Qc7 
21. Rd3 b5 22. Qc2 += ) 21. Rxd2 Qc7 22. Qd3 h6 D ( 22. ... Qxe5? 23. Qd8+
Ne8 24. Qxc8 +- ) 23. Qd6! Qb7+ ( 23. ... Qxd6 24. Rxd6 Rb8 25. Rc6 Rb7 
26. Rc8+ Kh7 27. Ra8 a5 28. Rf8 +/- ) 24. f3 b5 ( 24. ... Kh7 25. e4 += ) 
25. Kf2 bxc4? {Andersson loves the positions with better pawn structures, 
black will face serious problems.  ---- Pesci a6 a c5 jsou beznadejne 
oslabene. } ( 25. ... b4!? += {je lepsi  a bily by mohl dale rozsirovat 
vyhodu pomoci g4 a h4 nasledovane g5. } ) 26. Nxc4 +/- Nd5 ( 26. ... Qb5 
27. Qe7 Nd5 28. Rxd5 exd5 29. Nd6 +- ) ( 26. ... Ne8 27. Qd7 Qb8 28. e4 
Rc7 29. Qd8 Rc8 30. Qe7 Rc7 31. Rd8 Rxe7 32. Rxb8 +/- ) 27. e4 Nc3 {V 
originale je tato poznamka: "Jaka je nejpresvedcivejsi cesta pro bileho 
uplatnit velkou pozicni vyhodu, ovladani d-sloupce a slabe pesce cerneho? 
"  Silnejsi tah je vsak  28. Qd3!} ( 27. ... Nb4 28. Nb6 +/- ) 28. Qb6 ( 
28. Qd3! Qb4 29. a3 Qxb3 30. Rc2 Nxe4+ 31. Qxe4 +- Rd8 32. Rb2 Qd1 33. Kg2
Rd4 34. Qc2 Qxc2+ 35. Rxc2 g5 36. Kf2 Kg7 37. Ke2 Rd5 38. Ne3 Re5 39. Rc4 
a5 40. h4 Kf8 41. h5 f5 42. f4 gxf4 43. gxf4 Re4 +- ) 28. ... Qxb6 ( 
28. ... Qa8? 29. Qa5 Nb5 30. Nb6 +- ) 29. Nxb6 Rc6 30. Nc4 Rc8 ( 30. ... 
Rc7 31. a4 Rb7 32. Na5 Rc7 33. Rc2 Nb1 34. b4 +- ) 31. Ke3 {Bily nejdrive 
centralizuje krale. } 31. ... Rb8 32. h4 {BIly si bere cas a chce fixovat 
cerne pesce h4-h5. Toto je zpusob jak vyvolat dalsi slabinu u soupere. } 
32. ... h5 33. Ne5 Rc8 34. Rc2 Nb5 35. Nd3 Rd8 ( 35. ... c4 36. Rxc4 Rxc4 
37. bxc4 Nc3 38. Nc5 +- ) 36. Rxc5 Nd4 37. Nb4 1-0

[Event "Hastings 7980"]
[Site "Hastings ENG"]
[Date "1979.??.??"]
[Round "Profylaxe"]
[White "Christiansen, Larry M"]
[Black "Andersson, Ulf"]
[Result "0-1"]
[WhiteElo "2475"]
[BlackElo "2560"]
[EventDate "1979.12.??"]
[PlyCount "80"]
[EventType "tourn"]
[EventRounds "15"]
[EventCountry "ENG"]
[EventCategory "10"]
[Source "ChessBase"]
[SourceDate "1999.07.01"]
[WhiteTeamCountry "SUI"]
[BlackTeamCountry "ITA"]

{str. 57 - Profylaxe } 
1. c4 c5 2. Nf3 Nf6 3. Nc3 e6 4. g3 b6 5. Bg2 Bb7 6. O-O Nc6 7. e4 d6 8. 
d4 cxd4 9. Nxd4 Nxd4 10. Qxd4 Be7 11. b3 O-O 12. Bb2 Qb8 13. h3 Rd8 14. 
Rad1 Bf8 15. Kh2 Nd7 16. f4 Bc6 17. b4 a6 18. a4 Qc7 19. Rc1 Bb7 20. Rfe1 
Rac8 21. Bf1 Qb8 22. Qf2 a5 23. b5 Nc5 24. Rcd1 Be7 25. g4 D {Zde mame 
typickeho Jezkovou formaci, kde bily je oslaben  rychlym postupem na 
damskem kridle a4 a b5. Zvlaste pole c5 a c sloupce jsou v rukou cerneho. 
BIly se pokusi ziskat protihru na kralovskem kridle. Je instruktivni 
sledovat zpusob jak Andersson reaguje profylakticky na vsechny moznosti 
bileho. } 25. ... h6 {Cerny planuje zajimave preskupeni aby vzal vitr z 
plachet bileho utocneho usili. } 26. h4 D {Cerny nachazi extremne 
imaginativni obranne usporadani ktere vytaha zuby z pokusu cerneho utocit.
Jak bude pokracovat?} 26. ... Kh7! {Cerny planuje hrat vezi na h8 aby 
zabranil bilemu otevreni h-.sloupce pomoci g4-g5. Soucasne pripravuje 
zasadni preskupeni ....Rc7 a Qd8, po cemz bily bude mit problemy s pescem 
na h4. } ( 26. ... Bf6 {Tento tah navrhuje Houdini.} 27. g5 hxg5 28. hxg5 
Bxc3 29. Bxc3 Bxe4 30. Qd4 e5 31. fxe5 d5 32. g6 Bxg6 33. cxd5 Bc2 34. Bh3
Bxd1 35. Bxc8 Rxc8 36. Rxd1 ) 27. Bh3 ( 27. Re3 Rh8 28. Rh3 Qc7 =+ 29. Qd4
f6 30. Ba3 Rhf8 ) 27. ... Rc7! 28. Re3 Rh8! {Nadherny profylakticky tah  }
29. Kg1 ( 29. g5 hxg5 30. hxg5 Kg8 31. Kg1 Nxe4! 32. Nxe4 Bxe4 33. Rxe4 
Rxh3 34. Qg2 Qb7! 35. g6 Rg3 36. Qxg3 Qxe4 37. gxf7+ Kxf7 38. Qxg7+ Ke8 
-/+ {Cerny kral se dostane na d7 v bezpeci, bila pescova struktura je v 
ruinach a bily kral je v horsi pozici nez jeho souper. } ) 29. ... Qd8 {
Nebezpecna odpoved na postup pescu na kralovskem kridle. Tento priklad 
ukazuje jak vyhoda v prostoru neprinasi vzdy pozadovany vysledek pokud 
neni zazemi dobre organizovano. } 30. e5 {Bily jde na otevreni pozice, ale
cerna struktura je tak pruzna ze to selze. } 30. ... Rd7 31. g5 {Bily se 
pokousi utocit ale podminky pro uspech tu nejsou. Andersson to odrazi, 
chladnokrevne. } 31. ... dxe5 32. Rxd7 Nxd7 33. Qc2+ g6 34. Rd3 Qc7 35. h5
Nc5! D 36. hxg6+ fxg6 37. Bxe6 Nxe6 38. Rh3 Qc5+ {Cerny nyni sklizi plody 
profylakticke obrany } 39. Kh2 Nxf4 40. Rxh6+ Kg8 0-1

[Event "World Cup"]
[Site "Reykjavik ISL"]
[Date "1988.10.??"]
[Round "1"]
[White "Andersson, Ulf"]
[Black "Sokolov, Andrei"]
[Result "1-0"]
[WhiteElo "2625"]
[BlackElo "2600"]
[EventDate "1988.10.??"]

{str. 58 } 
1. Nf3 d5 2. d4 Nf6 3. c4 e6 4. Nc3 Be7 5. Bg5 O-O 6. e3 Nbd7 7. Rc1 c6 {
Tady muze cerny zvolit okamzite 7....a6, po cemz prave jako v partii, 
muzeme mit takzvalnou Svycarskou obranu damskeho gambitu. } 8. Bd3 a6 9. 
cxd5 {V tomto bode se casto hraje 9.c5, na co cerny hlavne odpovida 
9...e5. Po 10.dxe5...} ( 9. c5 e5 10. dxe5 Ne8 11. h4 Nxc5 12. Bb1 {se 
casto voli a obvykle vede do ostrych pozic. Je zajimave ze Andersson se 
nesnazi o teoreticky nejlepsi pokracovani, ale preferuje zasadne 
strategicky jednoduche pozice, ktere skutecne odpovidaji jeho sachovemu 
stylu. } ) 9. ... exd5 10. Qc2 D {Ve srovnani s obycejnnou vymenou 
variantou damskeho gambitu, zde cerny hral ....a6 a bily Rc1. Tah ...a6 je
tady mene uzitecny, jelikoz oslabuje pole b6.} 10. ... Re8 11. O-O Nf8 12.
 Rfe1 Be6 13. a3 {Bily miri do klasickeho minoritniho utoku. Cil je udelat
pesce c6 opozdeneho pomoci pescoveho postupu b4, a4 a b5 nebo izolovat 
pesce d5. } 13. ... Nh5 14. Bxe7 Qxe7 15. Na4! {Bily vytvarii pozici na c5
a tudiz pripravuje minoritni utok. Cerny nema protihru.} 15. ... Rad8 16. 
Nc5 Bc8 17. b4 Nf6 ( 17. ... g6 18. a4 Ng7 19. b5 axb5 20. axb5 Bf5 {Cerny
vymenuje svoji problemovou figuru, belopolneho strelce, ale nezbavi se 
vsech problemu , protoze jeste ma zpozdeneho pesce c6} ) 18. a4 Ne4 19. b5
axb5 20. axb5 Ng5 D {Jak muze bily reagovat na iniciativu cerneho na 
kralovskem kridle a rozsirit pozicni tlak na damskem kridle? } ( 20. ... 
Nxc5 21. Qxc5 Qxc5 22. Rxc5 Ne6 23. Rc2 ) 21. Nd2! {Velmi dobry 
profylakticky tah, ktery ponechava bilemu moznou obrannou moznost Nf1 a 
likviduje nadeje cerneho na utok.  Po 21.Nxg5 Qxg5 bily odstranil figury z
kralovskho kridla. TO dava cernemu mozne utocne sance napriklad 22.bxc6 
bxc6 23.Rb1 Rd6  a potom Rh6. Bily muze dobre  mít vice vyhlidek, ale musi
davat pozor na protihru na kralovskem kridle. } ( 21. Nxg5 Qxg5 22. bxc6 
bxc6 23. Rb1 Rd6 { 24. ... Rh6 }) 21. ... Rd6 22. bxc6 bxc6 23. Ra1 Rh6 
24. Nf1 Qf6 25. Ng3 Rh4 D 26. f4! {Po vynucene vymene figur na e6 bily ma 
v umyslu vymenit strelce na f5. Cerny nebude dele v pozici prekryt pesce 
c6 figurami. Dalsi dulezity postranni efekt je ze cerna vez na h4 je 
spatne umistena. Cerny narazi na bilou obrannou pevnost. } 26. ... Nge6 
27. Nxe6 Qxe6 28. Rac1 Bd7 29. Bf5 Qf6 30. Bxd7 Nxd7 D {Mel by bily vzit 
na c6 nebo ma k dispozici jiny tah? } 31. Qf5 {Takticky presne promysleny 
likvidacni tah. Bily ziskava vyhranou pozici v koncovce, protoze cerny 
ztraci opozdeneho pesce c6. Strategie bileho v minoritnim utoku byla 
provedena ucebnicovym stylem. Prvni zaruka uspechu byla profylakticky 
obranny manevr Nd2-f1-g3. 
31.Qxc6 by byla chyba, jelikoz nasledujici varianta dava cernemu dobre 
remizove sance: } ( 31. Qxc6?! Qxc6 32. Rxc6 Rxf4 33. Rc7 Nf6 += ) ( 31. 
Nf5! {+1,1} 31. ... Rg4 32. h3 Rg6 33. e4 Qd8 ( 33. ... dxe4? 34. Rxe4 Re6
35. d5 Qxf5 36. dxe6 Rxe6 37. Rd4 Qxc2 38. Rxc2 Nf8 39. Rd8 +- ) 34. e5 ) 
31. ... Re6 {0,4} ( 31. ... Qd6 32. Nh5! {s planem 33.g3} 32. ... g6?? 33.
 Qxd7 +- ) ( 31. ... Qxf5 32. Nxf5 Rg4 ( 32. ... Rh5 33. g4 +- ) 33. Nd6 
Re6 34. Rxc6 Rxf4? 35. Rc8+ Nf8 36. Rb1 Rxe3 37. g3 +- Rf6 38. Rbb8 h6 39.
 Rxf8+ Kh7 40. Nxf7 +- ) 32. Qxf6 Rxf6 {Po 32...Nxf6 nasleduje  33.h3 
dulezity profylakticke opatreni aby zabranilo ...Ng4 s protihrou. Dale vez
na h4 bojuje ztracenou bitvu. } 33. Rc3 Kf8 34. Ra1 Ke7 35. Ra7 D {Cerneho
pozice se jiz neda ubranit. } 35. ... g6 {Po 35...Rhh6 36.Rb3 cerny je 
nucen v kazdem pripade hrat tah v textu aby zabranil 37.Nf5. } 36. Rc7 Re6
37. R7xc6 Rxc6 38. Rxc6 Nf6 39. h3! D Nh5 40. Ne2! {Cerny jeste mel malou 
sanci v zachrane ve vezove koncovce. } 40. ... Ng7 ( 40. ... Ng7 41. Nc3 
+- ) 1-0

[Event "Malmo"]
[Site "Malmo SWE"]
[Date "1994.??.??"]
[Round "7"]
[White "Ahlander, Bjorn"]
[Black "Andersson, Ulf"]
[Result "0-1"]
[WhiteElo "2415"]
[BlackElo "2620"]
[EventDate "1994.06.??"]
[Annotator "Hansen,LB"]

1. d4 Nf6 2. c4 e6 3. Nf3 Bb4+ 4. Bd2 Qe7 ( 4. ... Bxd2+ 5. Qxd2 d5 ( 
5. ... O-O 6. g3 d5 7. Bg2 Nbd7 8. O-O c6 9. Qc2 b6 10. Nbd2 Bb7 11. Rad1 
Qe7 12. Rfe1 c5 13. cxd5 Nxd5 14. a3 cxd4 15. Nxd4 Rac8 16. Qb1 Rfd8 17. 
e4 N5f6 18. N2f3 a6 19. e5 Nd5 20. h4 = {Kaidanov-Andersson, Bled 2002 } )
6. Nc3 O-O 7. e3 Qe7 8. Rc1 Rd8 9. Qc2 dxc4 10. Bxc4 c5 11. O-O Nc6 12. 
dxc5 Qxc5 13. Ne4 Qe7 14. a3 Bd7 15. Bd3 h6 16. b4 Rac8 = {Nikolic - 
Andersson, Niksic 1983 } ) 5. g3 Bxd2+!? {Toto je vzacne pokracovani. 
Teorie doporucuje: } ( 5. ... Nc6 6. Bg2 Bxd2+ 7. Nbxd2 â–¡ ( 7. Qxd2?! 
Ne4 8. Qc2 Qb4+ =+ {X d4 . Cerny bude hrat ...d6 a e5 aby privedl sveho 
belopolneho strelce do hry, po cemz bily blokuje centrum pomoci d4d5 a 
hraje na vyhodu prostoru. 7.Qxd2?! je slabis pro 7....Ne4 8.Qc2 Qb3 a 
pesec d4 je slaby  =+ } ) ) 6. Nbxd2?! ( 6. Qxd2! += ) 6. ... d6 7. Bg2 
O-O 8. O-O e5 9. e4 Bg4 10. h3? {Bily prehlizi 11. tah cerneho } ( 10. d5 
a5 { 11. ... Na6  12. ... Nc5 s dobrou blokadni strukturou ve stredni hre.
 }) 10. ... Bxf3 11. Nxf3 D {V teto fazi zahajeni jak muze cerny ziskat 
mirnou vyhodu?} 11. ... c5! =+ {Cerny nuti bileho vymenit na c5 nebo e5, 
po cemz pomoci Nc6-d4, muze ziskat silnou pozici . Navic v teto pescove 
strukture je belopolny strelec slaby.  X d4;Bg2} ( 11. ... Nxe4?! 12. dxe5
dxe5 13. Qe2 += ) 12. dxe5 â–¡ ( 12. d5? Nxe4 -/+ 13. Nh4 Nf6 14. Nf5 Qc7 
15. Qd2 Nbd7 ) 12. ... dxe5 13. Nh4 g6 14. Qd2 Nc6 15. Qg5 {Bily by rad 
vyvinul utok po f-sloupci pomoci f2-f4. Jaky silny profylakticky manevr 
umoznuje cernemu proti tomuto planu zasahnout? } 15. ... Kh8!? {Dobry tah!
Cerny chce nabidnout vymenu dam s ...Ng8 a tim bere vitr z plachet bileho 
utocnych idei.} ( 15. ... Nd5! {je lepsi} 16. Qxe7 Ndxe7 17. Nf3 Rfd8 18. 
Rad1 ) 16. f4 Ng8! 17. Qg4?! ( 17. Qxe7!? Ngxe7 -/+ 18. Nf3 f6 =+ {
Vzhledem k spatnemu bilemu strelci a poli d4  je cerna pozice lepsi. } ) 
17. ... Rad8 18. Rf2 Nf6 19. Qg5 Nh5 {Cerny znovu chytre nabizi vymenu 
dam. Bily by  mel tady  vymenit aby mel mirne horsi koncovku s vyhlidkami 
na remizu. } 20. Qg4?! ( 20. Qxe7 âŒ“ Nxe7 -/+ 21. fxe5 ( 21. Kh2 exf4 22.
 gxf4 Rd4 =+ ) 21. ... Nc6 22. g4 Ng7 23. Nf3 Ne6 =+ {Pozice ktera by se 
Anderssonovi jiste libila: Bily ma pesce, ale ma diry na d4 a f4 a velmi 
spatneho strelce. Cerny take dominuje na jedinem otevrenem sloupci. } ) 
20. ... Rd3! -/+ {Cerny ziskava iniciativu a pokracuje silnymi tahy. Nyni 
duvod pro tah jezdce na h5 se stava jasny. Jeho rychly tah f2-f4 nechal 
bileho s citlivou pescovou slabinou na g3. } 21. Bf3 ( 21. Nf3 Nf6 22. Qh4
Nxe4 23. Qxe7 Nxe7 24. Re2 Nxg3 25. Rxe5 Nc6 26. Rxc5 Ne2+ 27. Kh2 Nxf4 
-/+ ) ( 21. Rf3 Rxf3 22. Bxf3 ( 22. Qxf3 Nd4 23. Qf2 Nxg3 -+ ) ( 22. Nxf3 
exf4 23. gxf4 Qxe4 -+ ) 22. ... Nd4 23. Rf1 exf4 24. gxf4 Nxf3+ 25. Nxf3 
Qxe4 -+ ) 21. ... Nd4 22. f5 {Jak muze cerny vyuzuit nestastne postaveni 
bilych figur na kralovskem kridle? } 22. ... Rg8! {Timto velmi silnym 
tahem cerny nuti otevreni sloupcu na kral. kridle. Muze vyuzit bud sloupec
g nebo f k rozhodujicimu efektu. } ( 22. ... g5! 23. Qxh5 gxh4 24. Be2 
Rxg3+ 25. Rg2 Rfg8 26. Rxg3 Rxg3+ 27. Kf2 {-3} ) 23. fxg6 {Tento tah je 
vynucen jelikoz neni jiny zpusob odvratit hrozbu 23...Nf6 a potom... gxf5:
23.Raf1 Nf6 24.Qg5 gxf5 -+} ( 23. Raf1 Nf6 24. Qg5 gxf5 25. Nxf5 Rxg5 26. 
Nxe7 Rxg3+ 27. Bg2 -+ ) 23. ... fxg6 {-2,4} 24. Raf1 ( 24. Kh2 ) 24. ... 
Ne6! -+ D {X Qg4 -- Po vynucene vymene pescu f cerny ziskal vyborne pole 
e6 pro jezdce, ktery kompletne paralyzuje damu a ziskava vyhranou pozici. 
25...Nf6 ziskava damu, muze se vyhnout jen s velkymi materialnimi 
ztratami. } 25. Bg2 â–¡ ( 25. Ng2 Nf6 26. Qh4 g5 27. Qh6 Rg6 -+ ) ( 25. 
Rd1 Nf6 26. Rxd3 Nxg4 27. Bxg4 Nd4 -+ ) 25. ... Rxg3 -+ 26. Rf7 Qe8 27. 
Qd1 Nef4 28. Rxb7 g5 29. Nf5 Rxg2+ 30. Kh1 Ng3+ 31. Nxg3 Rxg3 32. Qd6 
Rxh3+ 0-1